000 00832nam a2200229Ia 4500
001 L235-7413
003 IT-CnALBA
008 170116s9999||||xx |||||||||||||| ||und||
040 _aIT-CnALBA
_cIT-CnALBA
041 _aITALIANO
100 _aVLASIC P. TOMISLAV
245 0 _aAPRITE I VOSTRI CUORI A MARIA REGINA DELLA PACE.
250 _a1a ed.
260 _aMILANO
_bAMICI DI MEDJUGORJE ASSOCIAZ.
_c1986 [1° Ed.:1986 - Ed.Ling.Originale: 1986]
300 _a158 p. (prefazione: 910)
500 _aMEDITAZIONI SUI MESSAGGI. MESSAGGI DI MEDJUGORIE.
501 _aSocietà San Paolo EM - Piazza San Paolo, 14 - 12051 ALBA (CN) (non commercial uses only) ® Copyright 2017
520 _aMEDITAZIONI SUI MESSAGGI. MESSAGGI DI MEDJUGORIE.
650 _aMARIA SS. ANGELI SANTI DEMONI
942 _cBK
957 _71
999 _a8389
_bNO
_g Copie: 1
_c266595
_d266595